[Event "Urals-ch"]
[Site "Khanty-Mansiysk"]
[Date "2021.03.18"]
[Round "8"]
[White "Maslov, Marat"]
[Black "Yadigarov, Aivaz"]
[Result "0-1"]
[WhiteElo "2018"]
[BlackElo "1958"]
[PlyCount "180"]
[EventDate "2021.03.11"]
[EventType "swiss"]
[EventRounds "9"]
[EventCountry "RUS"]
[SourceTitle "CBM 201 Extra"]
[Source "ChessBase"]
[SourceDate "2021.05.31"]
[SourceVersion "1"]
[SourceVersionDate "2021.05.31"]
[SourceQuality "1"]

1. e4 c5 2. d4 cxd4 3. Qxd4 Nc6 4. Qe3 Nf6 5. Nc3 d5 6. exd5 Nxd5 7. Nxd5 Qxd5 8. c4 Qd4 9. Bd3 e5 10. Qxd4 Nxd4 11. Ne2 Nxe2 12. Kxe2 Be6 13. b3 Bc5 14. Bb2 f6 15. a3 0-0-0 16. Rhd1 Bd4 17. Bxd4 Rxd4 18. Bc2 Rhd8 19. Bxh7 Rh4 20. Rxd8+ Kxd8 21. Bc2 Rxh2 22. g3 Kc7 23. Be4 a5 24. Ke3 g5 25. Rd1 f5 26. Bd5 Bc8 27. Rd2 Rh3 28. Kf3 Rh1 29. c5 Ra1 30. a4 Rc1 31. Bc4 Bd7 32. Ke2 Bc6 33. Rd6 g4 34. Kd2 Rg1 35. Re6 f4 36. Re7+ Kd8 37. Rxe5 fxg3 38. fxg3 Rxg3 39. Rg5 Rg1 40. Bd5 Bxd5 41. Rxd5+ Ke7 42. c6 bxc6 43. Rxa5 g3 44. Rg5 Kf6 45. Rg8 Kf5 46. Ke3 Rb1 47. Rxg3 Rxb3+ 48. Kf2 Rb2+ 49. Ke1 Ke5 50. Ra3 Rb6 51. Kd2 Kd4 52. Rh3 Rb2+ 53. Kc1 Rg2 54. Kb1 Kc4 55. a5 Kb5 56. Ra3 Kb4 57. Rf3 Kxa5 58. Rb3 Ka4 59. Rb7 Rg5 60. Kc2 Rb5 61. Rc7 Rc5+ 62. Kb2 Kb4 63. Rc8 Kc4 64. Rc7 Rb5+ 65. Kc2 c5 66. Rg7 Kb4 67. Rg1 Ra5 68. Rg4+ c4 69. Rg7 Ra2+ 70. Kb1 Rh2 71. Rb7+ Kc3 72. Rg7 Rh1+ 73. Ka2 Rd1 74. Rf7 Kc2 75. Rg7 c3 76. Rg3 Rd2 77. Ka3 Re2 78. Rg6 Rh2 79. Rf6 Rd2 80. Rg6 Rd8 81. Rg2+ Kd3 82. Rg3+ Kc4 83. Rg7 Rd1 84. Re7 Kd3 85. Rd7+ Kc2 86. Rg7 Kc1 87. Rg3 c2 88. Rg7 Rd8 89. Rg2 Ra8+ 90. Kb3 Kb1 0-1

[Event "Urals-ch"]
[Site "Khanty-Mansiysk"]
[Date "2021.03.14"]
[Round "4"]
[White "Kuzmin, Roman"]
[Black "Maslov, Marat"]
[Result "1-0"]
[WhiteElo "2128"]
[BlackElo "2018"]
[PlyCount "49"]
[EventDate "2021.03.11"]
[EventType "swiss"]
[EventRounds "9"]
[EventCountry "RUS"]
[SourceTitle "CBM 201 Extra"]
[Source "ChessBase"]
[SourceDate "2021.05.31"]
[SourceVersion "1"]
[SourceVersionDate "2021.05.31"]
[SourceQuality "1"]

1. e4 e6 2. d4 d5 3. Nc3 Bb4 4. e5 c5 5. a3 cxd4 6. axb4 dxc3 7. Nf3 Qc7 8. bxc3 Nc6 9. Bf4 Nge7 10. Bb5 Bd7 11. 0-0 a6 12. Qe2 0-0 13. Bd3 Ng6 14. Bg3 Nce7 15. h4 Nc8 16. Ng5 h6 17. h5 Nge7 18. Nh7 Rd8 19. Nf6+ Kh8 20. Nxd5 Nxd5 21. Qe4 Kg8 22. Qh7+ Kf8 23. Qh8+ Ke7 24. Bh4+ Nf6 25. exf6+ 1-0